[Event "EU-chT (Men) 12th"]
[Site "Batumi"]
[Date "1999.12.04"]
[Round "6.3"]
[White "Avrukh, Boris"]
[Black "Ponomariov, Ruslan"]
[Result "0-1"]
[WhiteElo "2588"]
[BlackElo "2616"]
[Annotator "Stohl,I"]
[PlyCount "78"]
[EventDate "1999.11.06"]
[EventType "team-swiss"]
[EventRounds "9"]
[EventCountry "GEO"]
[SourceTitle "CBM 074"]
[Source "ChessBase"]
[SourceDate "2000.02.01"]
[SourceVersion "1"]
[SourceVersionDate "2000.02.01"]
[SourceQuality "1"]
[WhiteTeam "Israel"]
[BlackTeam "Ukraine"]
[WhiteTeamCountry "ISR"]
[BlackTeamCountry "UKR"]

1. d4 Nf6 2. c4 c5 3. d5 b5 4. cxb5 a6 5. bxa6 g6 6. Nc3 Bxa6 7. g3 d6 8. Bg2
Bg7 9. Nf3 Nbd7 (9... O-O $6 10. O-O Nbd7 11. Qc2 $1 Nb6 12. Rd1 Ne8 13. Bg5
Nc7 14. a4 Bb7 15. Qb3 Ncxd5 16. Nxd5 Bxd5 17. Rxd5 Nxd5 18. Qxd5 Bxb2 19. Ra2
Bg7 20. Nd2 Ra7 21. Nc4 Qb8 22. Qd3 Rd8 23. e4 Rdd7 24. a5 Rdb7 25. e5 Rb3 26.
Qc2 Rb1+ 27. Bf1 d5 28. Nd2 $16 {Karasev,V-Arykin,A/St Petersburg/1999/}) 10.
Rb1 $5 {This method of fighting Black's setup has become very popular lately
and it has become a serious alternative to the former main line.} (10. O-O Nb6
$1 $44 {<=>}) 10... O-O (10... Nb6 11. b3 Bb7 12. Nh4 O-O 13. O-O Qd7 (13...
Ne8 14. Bb2 Bxc3 15. Bxc3 Rxa2 16. e4 e5 17. dxe6 fxe6 18. Ra1 Rxa1 19. Bxa1
Qe7 20. f4 Nd7 21. Qg4 Nef6 22. Qg5 Qe8 23. Re1 Kf7 24. e5 Bxg2 25. exf6 Bd5
26. f5 Rg8 27. fxe6+ Bxe6 28. Nf3 Qa8 29. Qe3 Re8 30. Qh6 {1-0,Jussupow,
A-Kersten,U/GER-ch Altenkirchen/1999/}) 14. Bb2 Rfc8 15. Qd2 Ne8 16. e4 Nc7 17.
f4 Rd8 18. f5 $6 Qe8 19. Kh1 Ba6 20. Rfe1 Nd7 21. Nf3 Qf8 22. Nd1 Bb7 23. Bxg7
Qxg7 24. Ne3 Nb5 25. Rbc1 Rdb8 26. Nc4 Nd4 27. Nxd4 Qxd4 28. Qxd4 cxd4 29. Re2
Ba6 30. Rd2 Bxc4 31. Rxc4 Ne5 32. Rcxd4 Rc8 $44 {Slipak,S-Hoffman,A/Buenos
Aires/1999/}) 11. O-O Qa5 (11... Ne8 $5 12. Qc2 (12. Bd2 Nb6 13. b4 cxb4 14.
Rxb4 Nc4 15. Be1 Qc7 16. Nd4 Qc5 17. Ncb5 Bxb5 18. Nxb5 Rxa2 19. e3 Nf6 20. Nd4
Ne5 21. Qb3 Raa8 22. Bd2 Rfc8 23. f4 Nc4 24. Bc1 Na5 25. Qb2 Nc4 26. Qb1 Ng4
27. Rb5 Bxd4 $5 28. Rxc5 Bxc5 $44 {Arkell,K-Mortazavi,A/Cappelle la Grande/
1991/}) 12... Nc7 13. Rd1 Bxc3 $5 14. Qxc3 Bxe2 15. Bh6 Nf6 16. Rd2 Bxf3 17.
Bxf3 Re8 18. a3 Qd7 19. Kg2 Nb5 20. Qd3 Reb8 21. Re1 Nd4 22. b4 Nxf3 23. Qxf3
cxb4 24. axb4 Ng4 25. Bf4 f6 26. h3 Ne5 27. Bxe5 fxe5 28. Re4 Ra4 29. Rb2 Qb5
$11 {Illescas Cordoba,M-Stanojoski,Z/EU-chT Batumi /1999/}) (11... Nb6 12. b3
Ra7 13. a4 (13. Re1 e6 14. dxe6 fxe6 15. Ng5 Re7 16. Bh3 Bc8 17. Nce4 Nfd5 18.
Bb2 h6 19. Nf3 Bb7 20. Qd2 Nf4 $13 {Konnov,O-Dolomatov,N/Ufa/1999/}) (13. Bb2
Qa8 14. Nh4 Rb8 15. Ba1 Rab7 16. Qc2 Nc8 17. Rfd1 Na7 18. e4 Nd7 19. Nf3 Rb4
20. a3 R4b7 21. h3 Nc8 22. a4 Rb6 23. Bf1 Bxf1 24. Rxf1 Na7 25. Nd2 Qb7 26. Na2
Bxa1 27. Rxa1 Qa6 28. Rfe1 $14 {Cebalo,M-Bancod,R/Genova op/1999/}) 13... Qa8
14. Nh4 Rb8 15. Bb2 Nbd7 16. Ba1 Ne5 17. Qc2 Rab7 18. Rfd1 Qa7 19. Bf1 Ne8 20.
Ne4 Rb6 21. Nd2 Nd7 22. Bxg7 Kxg7 23. Nhf3 Nef6 24. e4 Rb4 25. Bxa6 Qxa6 26.
Nc4 Nb6 27. Nfd2 Nfd7 28. Na3 $1 $16 {Piket,J-Topalov,V/Wijk aan Zee/1999/})
12. Bd2 (12. Qc2 Rfb8 13. Bd2 {-12.Bd2}) 12... Rfb8 13. b3 {Although this move
fits White's plans, it's wiser to postpone (and prepare) it for a while, as
now it will not be so easy to repel Black's Q.} (13. Qc2 $142 $5 Ra7 $5 (13...
Qc7 14. b3 (14. Rfc1 Bc4 15. b3 Bxd5 16. Nxd5 Nxd5 17. Ne1 e6 18. Nd3 Ra3 19.
e4 Ne7 20. Bb4 Ra7 21. a4 Nc6 22. Bc3 Bxc3 23. Qxc3 Qa5 24. Qxa5 Rxa5 25. Bf3
Kf8 26. Kg2 Ke7 27. Bd1 Nde5 28. Nxe5 Nxe5 29. Be2 Rb4 30. f3 f5 $17 {_|_|^,
Whiteley,A-Vukcevich,M/Hastings/1976/}) (14. Nh4 Ra7 15. b3 Rab7 16. a4 Qb6 17.
Rfe1 Ne5 18. h3 Nh5 19. g4 Nf6 20. Nd1 Nc4 21. Bc1 Qb4 22. Nf3 Na3 23. Bxa3
Qxa3 24. Nd2 Nd7 25. Ne3 Qb4 $44 {Pavlovic,D-Pap,M/Nis/1995/}) 14... Rb7 $5 (
14... Nb6 15. Nh4 Qa7 16. a4 Ne8 17. Rfd1 Nc7 18. e4 Nd7 19. Bg5 h6 20. Be3 Rb4
21. Na2 Rbb8 22. f4 Bc8 23. e5 dxe5 24. fxe5 Bxe5 25. Nxg6 Bf6 26. Nf4 Ne8 27.
Nc3 $16 {Konopelchenkova,T-Melamed,T/Moscow/ 1996/}) 15. Rfe1 Qb8 16. h3 Ne8
17. Bg5 (17. e4 $5 $14) 17... h6 {1/2,Sarosi,Z-Rat,D/HUN-chT/1998/}) (13... Nb6
14. b3 Qb4 15. Rfe1 c4 16. e4 cxb3 17. Rxb3 Qc5 18. Be3 Qc7 19. Bxb6 $2 (19.
Qb1 $14) 19... Rxb6 20. Rxb6 Qxb6 21. Qb3 Qc5 22. Na4 Qa5 23. Nc3 Ng4 $40 {
Papp,Z-Antal,S/HUN-chT/1998/}) (13... Ng4 14. a4 Nge5 15. Nxe5 Nxe5 16. b3 Qd8
17. Rfd1 Ra7 18. Be1 Rab7 19. Na2 Qc8 20. b4 cxb4 21. Qxc8+ Rxc8 22. Nxb4 Bxe2
23. Nc6 $1 $16 {Skomorokhin,R-Eliseev,A/St Petersburg/ 1996/}) 14. Rfd1 Qc7 15.
b3 Rba8 16. Be1 Ne8 17. h3 Qa5 18. a4 Rb7 19. e4 Rab8 20. Nb5 Qd8 21. Bf1 Nc7
22. Na3 Bxf1 23. Kxf1 Na6 24. Nc4 Nb4 25. Bxb4 Rxb4 26. Kg2 Qc7 $132 {
Skomorokhin,R-Vajda,L/Budapest/1994/}) 13... Qa3 $1 (13... Ne8 14. Qc2 Bb7 15.
a4 Qd8 16. e4 Nc7 17. Rfe1 Na6 18. Na2 Rc8 19. Bf4 Qb6 20. Qd2 Nc7 21. h4 Qa5
22. Bh3 Rd8 23. Bg5 Nf6 24. Qxa5 Rxa5 25. Nd2 h6 26. Nc4 Ra6 27. Bd2 e6 28. Ba5
Nfe8 29. dxe6 fxe6 30. Rbd1 $16 {Skomorokhin,R-Mudrov,V/Novgorod/1995/}) 14.
Qc2 Nb6 15. Bc1 Qa5 16. Rd1 Ne8 $1 $146 {[%mdl 8]} (16... Bb7 $6 17. Bd2 Ne8 (
17... Qa3 18. Nb5 $1 Qxa2 19. Rb2 Qa6 20. Nc7 $16) 18. a4 Nd7 19. e4 Qd8 20.
Nb5 Ba6 21. Bf1 Nc7 22. Nxc7 Bxf1 $6 23. Nxa8 Be2 24. Kg2 Bxd1 25. Rxd1 Rxa8
26. Be1 Rb8 27. Nd2 Qb6 28. Rb1 Qa6 29. Nc4 Ne5 30. Na3 $1 $16 {Gavrikov,
V-Lukov,V/Moscow/1989/}) 17. Bd2 {[%cal Ya2a4,Rc3b5] /\a4,Nb5} Qa3 $1 18. e4
Bc8 19. h3 Bd7 $44 20. Bc1 Qa5 21. Bd2 Qa3 22. Bc1 Qa5 23. Bb2 {White decides
to play for a win, but Black has sufficient <=>.} (23. Bd2 Qa3 $11) 23... Nc7 (
23... Bxc3 24. Bxc3 Qxa2 25. Rb2 Qa6 26. e5 $40) (23... c4 $6 24. Nd4 $16) 24.
a3 (24. a4 c4 25. Nd2 Na6 $5 $132) 24... Qa6 {Black's Q has fulfilled it's
task, now it moves over to the >>.} 25. Bf1 $6 {Only weakens White's >>.} (25.
Kh2 $142 Qc8 26. Nd2 $5 $13 {/+/=}) 25... Qc8 26. Kh2 f5 $1 {[%cal Rf5e4,Rd7f5]
/\fe4,Bf5} 27. Ra1 (27. Nd2 $5 Qf8 28. b4 $13) 27... Qf8 28. Rd2 fxe4 29. Qxe4
Qf5 $1 30. Qxf5 Bxf5 {[%csl Rb3,Rd5] ><b3,d5 As is quite typical for the Volga
gambit, an exchange of Q gives Black a good _|_, where he can attack White's
weaknesses without bothering about his K.} 31. Re1 Kf8 (31... Bxc3 $5 32. Bxc3
Ncxd5 33. Bb2 Ra7 $13) 32. Ng5 $2 (32. Nb5 $142 $1 Nxb5 (32... Bxb2 33. Nxc7
Bc3 34. Nxa8 Bxd2 35. Nxd2 Rxa8 36. a4 $16 {/\} Nxd5 37. Bg2 e6 38. g4 $18) (
32... Ncxd5 33. Bxg7+ Kxg7 34. Nc7 $1 Nxc7 35. Rxe7+ $16) 33. Bxg7+ Kxg7 34.
Bxb5 Rxa3 35. Rxe7+ Kf6 36. Re3 $8 Nc8 37. Bc4 Nb6 $132) 32... h6 33. Nge4 Nd7
$36 34. b4 (34. Bc4 Ne5 35. Re3 Nxc4 36. bxc4 Rb3 $5 (36... Rxb2 37. Rxb2 Bxe4
38. Rxe4 Bxc3 39. Rb7 Ba5 $5 $17) 37. Nb5 Rxe3 38. Nxc7 Rxe4 39. Nxa8 Bxb2 40.
Rxb2 Rxc4 $17 {[%csl Gc5] o^c}) 34... cxb4 35. axb4 Rxb4 36. Bg2 Nf6 37. Nxf6
Bxf6 38. Rc1 $2 $138 (38. Nd1 $8 Bxb2 39. Nxb2 Ra2 40. Ree2 Nb5 $36) 38... Nb5
$1 $19 (38... Bg5 39. f4 Rxf4 $17) 39. g4 (39. Nd1 Ra2 $19) (39. f4 Rxb2 40.
Rxb2 Nxc3 $19) (39. Nxb5 Bxb2 $19) 39... Bg5 0-1

[Event "FRA-ch"]
[Site "Val d'Isere"]
[Date "2002.08.25"]
[Round "7"]
[White "Bacrot, Etienne"]
[Black "Fontaine, Robert"]
[Result "1-0"]
[WhiteElo "2653"]
[BlackElo "2514"]
[Annotator "Stohl,I"]
[PlyCount "89"]
[EventDate "2002.08.19"]
[EventType "tourn"]
[EventRounds "11"]
[EventCountry "FRA"]
[EventCategory "13"]
[SourceTitle "CBM 091"]
[Source "ChessBase"]
[SourceDate "2002.11.12"]
[SourceVersion "1"]
[SourceVersionDate "2002.11.12"]
[SourceQuality "1"]

1. d4 Nf6 2. c4 c5 3. d5 b5 4. cxb5 a6 5. bxa6 g6 6. Nc3 Bxa6 7. Nf3 d6 8. g3
Bg7 9. Bg2 Nbd7 10. Rb1 $5 (10. O-O Nb6 $1 {/\} 11. Rb1 $2 Bc4 {><a2,d5}) 10...
O-O (10... Nb6 11. b3 O-O 12. O-O {only transposes into the game.}) 11. O-O Nb6
{It's still not quite clear what's Black's best reaction against White's setup.
} (11... Qa5 12. Bd2 Rfb8 (12... Nb6 13. b3 Qa3 14. Ne1 $1 Bb7 15. Nc2 Qa6 16.
e4 Nfd7 (16... e6 17. dxe6 fxe6 18. Re1 Rad8 19. a4 d5 20. exd5 exd5 21. Nb5
$36 {Kruppa,Y-Krivoshey,S/Kiev/2001/}) 17. a4 Qa7 18. Nb5 Qb8 19. Nca3 Ba6 20.
Re1 Qb7 21. Qc2 Rfb8 22. Bc3 Bxc3 23. Qxc3 Qc8 24. Bf1 Qd8 25. f4 $16 {Dautov,
R-Felgaer,R/Port Erin op/2002/ This is an ideal situation for White-his grip
on b5 stops Black's << play for a long time, enabling him to play in the [+]
and on the >>. Even exchanging Q would help Black now.}) 13. Qc2 Nb6 14. Rfd1
Ne8 15. b3 Qa3 16. Bc1 Qa5 17. Bb2 (17. Bd2 Qa3 18. e4 Bc8 19. h3 Bd7 20. Bc1
Qa5 21. Bd2 Qa3 22. Bc1 Qa5 23. Bb2 Nc7 24. a3 Qa6 {Avrukh,B-Ponomariov,R/
EU-chT Batumi/1999/} 25. Nd2 $5 $14) 17... Bc8 18. Rbc1 Nc7 19. Qd2 Bd7 20. e4
Nb5 $5 {Barsov,A-Mensch,E/Metz op/2002/} 21. Nxb5 Bxb5 22. Bxg7 Kxg7 23. Rc2
Qxd2 24. Nxd2 $14) (11... Ng4 12. Qc2 Qa5 13. Bd2 Nge5 14. Nxe5 Nxe5 15. b3
Rfb8 16. a4 Qc7 17. Rfe1 Ra7 18. f4 Nd7 19. e4 Rab7 20. Kh1 c4 21. b4 Rxb4 22.
Nb5 R4xb5 23. axb5 Rxb5 24. Rxb5 Bxb5 25. Rb1 $16 {Savchenko,S-Heine,R/Senden/
2002/}) 12. b3 Ra7 13. Re1 $5 ({Earlier White used to play the rather committal
} 13. a4 Qa8 14. Nh4 Rb8 15. Bb2 (15. Re1 $5 $14) 15... Nbd7 (15... c4 $5) 16.
Ba1 Ne5 (16... Rab7 $142 $1 {/\c4<=>}) 17. Qc2 Rab7 18. Rfd1 Qa7 19. Bf1 Ne8 $6
({This was the last chance for an advantageous break} 19... c4 $5 20. bxc4 Bxc4
21. Rxb7 Rxb7 $44) 20. Ne4 Rb6 21. Nd2 Nd7 22. Bxg7 Kxg7 23. Nhf3 Nef6 24. e4
Rb4 25. Bxa6 Qxa6 26. Nc4 Nb6 27. Nfd2 Nfd7 28. Na3 Nf6 29. Qc3 Nbd7 30. Nc2
R4b7 31. Nc4 $16 {Piket,J-Topalov,V/Wijk aan Zee/1999/}) (13. Qd2 Qa8 14. Rd1
Rb8 15. Bb2 Bb7 16. e4 Ne8 17. Qc2 Nc7 18. h4 Bc8 19. h5 Bg4 20. hxg6 hxg6 21.
Qd2 Nd7 $132 {Johannessen,L-Djurhuus,R/NOR-ch Roros/2002/}) 13... Qa8 (13... e6
$6 14. dxe6 fxe6 15. Bh3 Re7 16. Ng5 Bc8 17. Nge4 $16 d5 18. Nxc5 e5 19. Bg2 e4
20. N5a4 Nxa4 21. bxa4 Qd6 22. Rb5 d4 23. Qb3+ Kh8 24. Ba3 $18 {Neverov,
V-Gunnarsson,J/EU-ch Ohrid/2001/}) (13... Bb7 14. e4 Ng4 15. Qc2 {/\} Bxc3 16.
Qxc3 Rxa2 17. b4 $1 $40) 14. e4 Bb7 $6 {Black starts to lose track and White
quickly builds up a won position.} ({It was necessary to seak active <=> with} 
14... Ng4 $142 15. Bb2 Rb8 $5 (15... Nd7 16. a4 $1 (16. h3 Nge5 17. Bf1 Nxf3+
18. Qxf3 Bd4 19. Bxa6 Rxa6 20. a4 Ne5 21. Qd1 f5 $1 22. Nb5 fxe4 23. Nc7 Qb7
24. Nxa6 Nf3+ $36 {Fernandez,R-Vescovi,G/Guarapuava op/1992/}) 16... Rb8 17.
Bf1 Bxf1 18. Rxf1 Nge5 19. Nxe5 Nxe5 20. Nb5 Rab7 21. Bxe5 Bxe5 22. h4 $16 {
[%csl Gb5] Antic,D-Perunovic,M/Nis/1995/ is White's ideal-with the <->b
plugged Black has no <=> whatsoever.}) 16. h3 (16. Qc2 Nd7 17. Red1 $5 $14)
16... Ne5 17. Nxe5 Bxe5 18. Qc2 Nd7 19. Nd1 c4 20. bxc4 Rab7 21. Nc3 Bxc4 22.
Ba1 Nc5 23. Rxb7 Rxb7 24. Bf1 Bxf1 25. Kxf1 Rb4 $44 {Alexandrova,O-Schuurman,P/
EU-chW Varna/2002/}) (14... Ne8 15. Bb2 Nc7 16. a4 Bb7 17. h4 c4 $2 18. Nb5 $1
Nxb5 19. Bxg7 Kxg7 20. axb5 cxb3 21. Qd4+ {1-0, Lalic,B-Struik,T/Zwolle/2002/})
15. a4 {White strengthens his control of the important b5-square.} Rc8 (15...
c4 $2 16. Nb5 Ra5 17. Bd2 $18) 16. Bh3 $1 Nfd7 17. Nb5 Ra6 18. Bg5 Kf8 19. Qd2
$16 {[%cal Yg5h6] /\Bh6,->>>} c4 $6 {[%mdl 4] Bacrot has squashed any <=> in a
model way. It's difficult to recommend anything else, but Black's forces are
too passive for this counter to work.} 20. Rec1 (20. Be3 $5 cxb3 21. Bxb6 Nxb6
22. Bxc8 $18) 20... Nc5 (20... cxb3 21. Nc7 $18) (20... Ra5 21. Be3 $5 (21. Bh6
cxb3 22. Rxc8+ Bxc8 23. Nc7 (23. Bxd7 Bxd7 (23... Nxd7 24. Qc3 Nf6 25. Bxg7+
Kxg7 26. Nc7 Qa7 27. Ne8+ $18) 24. Qd4 f6 25. Bxg7+ Kxg7 26. Qxb6 Bxb5 27. axb5
Ra1 28. Rxa1 Qxa1+ 29. Kg2 b2 30. Nd2 b1=Q 31. Nxb1 Qxb1 $16) 23... Qa7 24. Qc3
Nf6 25. Bxg7+ Kxg7 26. Ne8+ $16 {->}) 21... cxb3 22. Nc7 $18) 21. Bxc8 Qxc8 22.
bxc4 Nbxa4 23. Qe3 Nd7 24. Bh6 $18 {Black has partly freed his position, but
White's material superiority is decisive.} Nac5 25. Bxg7+ Kxg7 26. Ra1 Rb6 27.
Kg2 Nf6 28. Nd2 e6 29. Ra5 Ncd7 30. Rca1 h5 31. f3 (31. c5 $5 Nxc5 32. Nc4 {/\}
Nxd5 33. exd5 Bxd5+ 34. Kg1 Bxc4 35. Qd4+ $18) 31... h4 32. c5 $1 h3+ 33. Kg1
dxc5 (33... Nxc5 34. Nc4 Ra6 35. Ncxd6 Rxa5 36. Rxa5 Qd8 37. Ra7 $18) 34. Nc4
Ra6 $8 35. Rxa6 Bxa6 36. Ncd6 Qa8 37. dxe6 fxe6 38. Nc7 Qb8 (38... Qa7 39. Ndb5
{/\Ra6+-}) (38... Qc6 39. Nxe6+ (39. e5 Qxc7 40. exf6+ Nxf6 41. Rxa6 $18) 39...
Kh7 40. Qf4 $18) 39. Nxe6+ Kh7 40. Ng5+ (40. Rxa6 Qb1+ 41. Kf2 Qh1 {just
needlessly prolongs the game, White winds it up with a mating attack.}) 40...
Kg7 41. Ne6+ Kh7 42. Nf5 $1 gxf5 (42... Ng8 43. Qg5 Ndf6 44. Ne7 $18) 43. Qg5
Ne8 (43... Qg8 44. Qxf5+ Qg6 45. Qxh3+ Qh6 46. Qxh6+ Kxh6 47. Rxa6 $18) 44.
Qh5+ Kg8 45. Qg6+ (45. Qg6+ Kh8 46. Ng5 $18) 1-0

[Event "POL-ch 60th"]
[Site "Warsaw"]
[Date "2003.05.02"]
[Round "11"]
[White "Bartel, Mateusz"]
[Black "Macieja, Bartlomiej"]
[Result "1-0"]
[WhiteElo "2443"]
[BlackElo "2634"]
[Annotator "Stohl,I"]
[PlyCount "89"]
[EventDate "2003.04.22"]
[EventType "tourn"]
[EventRounds "13"]
[EventCountry "POL"]
[EventCategory "12"]
[SourceTitle "CBM 095"]
[Source "ChessBase"]
[SourceDate "2003.07.25"]
[SourceVersion "1"]
[SourceVersionDate "2003.07.25"]
[SourceQuality "1"]

1. d4 {Konikowski} Nf6 2. c4 g6 (2... c5 3. d5 b5 4. cxb5 a6 5. bxa6 Bxa6 6. g3
(6. Nc3 g6 7. Nf3 d6 8. g3 Bg7 9. Bg2 Nbd7 10. Rb1 Nb6 11. b3 O-O 12. O-O Ra7
13. Re1 Nbd7 $146 14. h3 Qa5 15. Bb2 (15. Bd2 $5 $14) 15... Rb8 16. e4 Ne8 17.
Na4 $2 (17. Qc2 $14 {was still good enough}) 17... Bxb2 18. Rxb2 Bb5 19. Rd2
Bxa4 20. bxa4 Qxa4 21. Qxa4 Rxa4 22. e5 Kf8 23. e6 fxe6 24. Rxe6 Nc7 $17 {
Le Roch,D-Moret,V/FRA-chT/2003/}) 6... d6 7. Bg2 g6 8. Bd2 Bg7 9. Bc3 O-O 10.
Nh3 Nbd7 11. O-O Qb6 12. Nd2 Rfb8 13. Nf4 Ne8 14. Bxg7 Kxg7 15. b3 Ne5 16. Qc2
Nf6 17. Rfe1 c4 $1 18. bxc4 Rc8 19. Reb1 Qa5 20. Nb3 Qa4 21. Nd4 Bxc4 22. Qd2
Qa5 23. Qxa5 Rxa5 24. Rc1 Rca8 25. Nc6 Rxa2 26. Rxa2 Rxa2 27. Nxe5 {1/2,Ionov,
S-Sergeev,V/St Petersburg/2003/} dxe5 $11) 3. Nf3 Bg7 4. g3 O-O 5. Bg2 c5 6. d5
b5 (6... d6 7. O-O b5 8. cxb5 a6 9. Nc3 axb5 10. Nxb5 Ba6 11. Nc3 Nbd7 12. Qc2
Qb6 13. Rd1 Rfb8 14. h3 Ne8 15. e4 c4 $6 16. Rb1 Nc5 17. Be3 Qc7 18. Bd4 Nd3
19. Bxg7 Nxg7 20. Bf1 Qc5 21. Bxd3 cxd3 22. Qd2 Nh5 23. Kg2 Nf6 24. Ne1 Qd4 25.
f3 Ra7 26. Nxd3 Rc7 27. Qf2 Qxf2+ 28. Nxf2 $18 {Riazantsev,A-Harikrishna,P/
WChJ Cannes/1997/}) 7. cxb5 d6 8. Nc3 a6 9. bxa6 Bxa6 10. O-O {As Black has
first castled instead of Nd7-b6, White will be able to play Qc2 and doesn't
have to transpose into the Rb1 lines with} (10. Rb1 Nbd7 11. O-O Qa5 12. Bd2
Rfb8 13. Qc2 Qc7 $5 (13... Ne8 14. Rfe1 Nc7 15. a4 $1 Qb6 16. b3 Bxc3 17. Bxc3
Nxd5 18. Ne5 Nxe5 19. Bxd5 Bb7 20. Bxb7 Rxb7 21. Bxe5 dxe5 22. Rec1 f6 23. Qe4
Kg7 24. Rc3 Rab8 25. Qc2 $16 {Kramnik,V-Topalov,V/Wijk aan Zee/2003/}) 14. b3
Nb6 15. Ng5 h6 (15... Bb7 16. e4 Ba6 17. Rfd1 Ng4 18. Nf3 Nd7 19. Be1 Nge5 20.
a4 Rb7 21. h3 Rab8 22. Nxe5 Nxe5 23. f4 Nd7 24. Kh2 $14 {Barsov,A-Kasparov,S/
Cairo/2001/}) 16. Nh3 Bb7 17. e4 Ba6 18. Rfd1 Ng4 19. Bf1 (19. Be1 Ne5 20. Nf4
$13 {/+/=}) 19... Ne5 20. Kg2 Qc8 21. f4 Ng4 22. Nf2 Nxf2 23. Kxf2 Bxf1 24.
Rxf1 Qh3 (24... e6 $5 $132) 25. Kg1 Nd7 26. Nd1 Nf6 {Van Beek,L-Heinemann,T/BL
0203/2003/} 27. Nf2 $16) 10... Nbd7 11. Qc2 Qb6 12. h3 (12. Rd1 {or}) (12. Rb1
{are played more often, White wants to prevent the manoeuvre Ng4-e5.}) 12...
Rfb8 13. Rd1 (13. Rb1 $5 {/\} Bc4 $2 14. Nd2 Bxa2 15. Ra1 $18) 13... Ne8 14.
Nd2 (14. e4 $5 $14 {-see Riazantsev-Harikrishna, there we had the same
position, only with an extra move.}) 14... Nc7 15. a4 $146 {[%mdl 2048] This
committal move prevents Nb5, but was it so necessary? Now Black gets good
piece play.} (15. Rb1 Nb5 16. Nc4 Qa7 17. Nxb5 Bxb5 18. Na3 Ba6 19. b3 Qb7 20.
Bb2 Nf6 21. e3 (21. e4 $142 $5 $36) 21... Qb4 22. Nc4 Bxc4 23. Bxf6 Bxf6 24.
bxc4 Qa5 $11 {Csom,I-Gligoric,S/Ljubljana-Portoroz/1973/}) 15... Qa5 (15... c4
16. Ra3 Nc5 17. Nde4 $14) 16. Ra3 Rb4 (16... Rb7 $44) (16... Nb6 $5 {/\Nc4,
Bc3~~}) 17. Na2 Rb7 (17... Rd4 18. e3 (18. Nc3 Rb4 $11) (18. Nb3 Rxd1+ 19. Qxd1
Qb6 $132) 18... Rd3 (18... Bd3 19. Qb3 $1 (19. Rxd3 $2 Rxd3 20. Qxd3 Qxa4 $15)
19... c4 20. Qb4 Qa7 $5 21. Nc3 $1 (21. exd4 Rb8 $14 {<=>}) 21... Rb8 22. Nb5
Bc2 23. Qc3 $1 $18) 19. Nc3 {[%csl Rd3] צd3} c4 20. Nxc4 $1 $14 {/+/-}) 18.
Re3 $5 {An original manoeuvre, White intends to play b3 without shutting out
the R.} (18. e4 Ne5 $44 {/\} 19. f4 $2 Bd3 $1 20. Rxd3 Nxd3 $19) 18... Kf8 (
18... Re8 {/\} 19. b3 Nb6 20. Nb1 c4 $1 $11) 19. b3 Nf6 $6 (19... Bh6 20. Re4 {
[%cal Rd2c4] /\Nc4+-} (20. f4 Bg7 21. Bb2 Bd4 22. Bxd4 cxd4 23. Qb2 Qxa4 $13)
20... Bg7 21. Nc4 Bxc4 22. Rxc4 Rab8 23. Bd2 Qa7 24. Rb1 Nb6 25. Rh4 $14) (
19... Bd4 $6 20. b4 $1 Rxb4 (20... Qb6 21. b5 Bxb5 22. axb5 Bxe3 23. fxe3 $16)
21. Nxb4 Qxb4 22. Rb3 $16) (19... Nb6 $142 20. Nb1 c4 21. Bd2 cxb3 22. Rxb3
Qxa4 23. Nbc3 Qe8 24. Rdb1 Rab8 $11) 20. Nb1 $6 (20. Nc4 $142 Bxc4 21. Qxc4 $14
{/+/-}) 20... Rbb8 {[%cal Ya6c8] /\Bc8} (20... Bh6 21. Rc3 Bg7 22. Na3 $14) 21.
Na3 {'?' Konikowski.} (21. Kh2 $142 {Konikowski}) 21... Qb6 {'?' Konikowski.} (
21... Ncxd5 $142 $1 {Konikowski} 22. Rxd5 (22. Bxd5 Nxd5 23. Rxd5 Qe1+ 24. Kg2
Bb7 25. Red3 Bd4 $19) 22... Qe1+ 23. Kh2 Nxd5 24. Bxd5 Qxf2+ 25. Kh1 Bd4 $17)
22. Kh2 Bc8 (22... Bh6 23. Rc3 (23. f4 $5) 23... Bxc1 24. Nxc1 $14) 23. Nc4 Qb7
24. Qd2 (24. Bb2 $1 $36 {/\} Nfxd5 $2 (24... Bh6 25. Red3 {/\} Bf5 $2 26. Bxf6
Bxd3 27. Rxd3 exf6 28. Nxd6 $18) 25. Bxg7+ Kxg7 26. Rxe7 $18 {->}) 24... Qa6
25. a5 $6 ({More solid was} 25. Bb2 $142 $5 Bb7 26. Nc3 $14) 25... Ra7 26. f4
Nb5 $5 (26... Bb7 27. Rd3 (27. Nc3 Ba8 $13) 27... Bxd5 28. Bxd5 Nfxd5 29. Rxd5
Nxd5 30. Qxd5 Rxb3 $132) 27. b4 Nd4 28. Nb6 Bf5 29. Ra3 (29. bxc5 $143 Qxa5 $1
(29... dxc5 30. Ra3 {-29.Ra3}) 30. Qxa5 (30. Qxd4 Ng4+ $1 $17) 30... Rxa5 31.
Rxd4 (31. Ra3 Rxa3 32. Bxa3 Nc2 $15) 31... Rxa2 $36) 29... Qxe2 (29... Nc2 30.
Ra4 $1 (30. Rb3 cxb4 (30... Nd4 31. Rb2 $14) 31. Nxb4 Nxb4 32. Qxb4 Kg8 $5 $11
(32... Qxe2 33. Nd7+ $1 Nxd7 34. Qxb8+ $1 Nxb8 35. Rxb8+ Bc8 36. Rxc8#)) 30...
Nxb4 31. Nxb4 cxb4 32. Bb2 $36) 30. Qxe2 Nxe2 31. bxc5 Nxc1 $2 {[%mdl 8192]
This miscalculation ruins the game.} (31... dxc5 32. Be3 Nd4 $1 $36 (32... Rxb6
$6 33. Bxc5 Rbb7 34. Bxa7 Rxa7 35. Bf3 Bc2 36. Rd2 Nd4 37. Rxd4 Ng4+ 38. hxg4
Bxd4 39. Nb4 Bc5 $1 $14)) 32. Rxc1 dxc5 33. Rxc5 $16 Nd7 (33... Rxb6 $2 34.
axb6 Rxa3 35. b7 Rb3 36. Rc8+ Ne8 37. b8=Q $18) (33... Ne8 $5 $16) 34. Rc8+
Rxc8 35. Nxc8 Rc7 36. Nb6 {[%csl Ga5] o^a} Ra7 (36... Bd4 37. g4 Bb1 38. Nxd7+
Rxd7 39. Nb4 Bc5 40. Rb3 Bxb4 41. Rxb4 $16 {/+-}) 37. Nb4 $1 h5 (37... Nxb6 $2
38. axb6 Rxa3 39. b7 $18) 38. Nc6 Rc7 39. Nxd7+ Bxd7 40. a6 $18 Bxc6 $8 41.
dxc6 {White's o^ are unstoppable.} Bd4 42. Rd3 Bc5 (42... e5 43. fxe5 Ba7 (
43... Bxe5 44. Rd7 $18) 44. Rb3 $18) (42... Ba7 43. Rd8+ Kg7 44. Rd7 $18) 43.
Rd8+ Kg7 44. Rd7 Rc8 (44... Rxd7 45. cxd7 Bb6 46. a7 $18) 45. c7 (45. c7 Bb6
46. Bb7 Rxc7 47. Rxc7 Bxc7 48. a7 $18) 1-0